Logo BPK

Biblioteka

Politechniki Koszalińskiej

Biblia o multimediach / (Rekord nr 33089)

Szczegóły MARC
000 -ETYKIETA REKORDU
podpole kontrolne o stałej długości 00741nam a2200241 i 4500
001 - NUMER KONTROLNY REKORDU
pole kontrolne bg
020 ## - MIĘDZYNARODOWY ZNORMALIZOWANY NUMER KSIĄŻKI - ISBN
ISBN 8386861134
040 ## - ŹRÓDŁO KATALOGOWANIA
Instytucja, która utworzyła rekord BPK
041 1# - KOD JĘZYKA
Kod języka tekstu pl
Kod języka oryginału enen
080 ## - UNIWERSALNA KLASYFIKACJA DZIESIĘTNA - UKD
UKD 004.032.6(07)
920 ## - Międzynarodowy znormalizowany numer książki – ISBN
ISBN 83-86861-13-4
008 - POLE O STAŁEJ DŁUGOŚCI - DANE KONTROLNE
podpole kontrolne o stałej długości s pl f |000 0 pol
100 1# - NAZWA OSOBOWA
Nazwa osobowa ROSCH, Winn L.
245 10 - TYTUŁ/ODPOWIEDZIALNOŚĆ
Tytuł Biblia o multimediach /
Pozostałe elementy strefy tytułu i oznaczenia odpowiedzialności Winn L. Rosch ; tł. [z ang.] Piotr Barancewicz.
246 1# - WARIANT TYTUŁU
Tytuł Multimedia od A do Z
260 ## - STREFA ADRESU WYDAWNICZEGO
Miejsce wydania Warszawa :
Nazwa wydawcy/dystrybutora Intersoftland,
Data publikacji, dystrybucji/powstania dokumentu 1997.
300 ## - STREFA OPISU FIZYCZNEGO
Objętość XXVIII, 548 s. :
Inne cechy fizyczne rys. ;
Rozmiary 24 cm.
500 ## - UWAGI OGÓLNE
Tekst uwagi Tyt. okł.: Multimedia od A do Z: kompletny przewodnik po multimediach.
500 ## - UWAGI OGÓLNE
Tekst uwagi Oryg.: "The Winn L. Rosch multimedia Bible" 1995.
650 #9 - HASŁO PRZEDMIOTOWE W FORMIE NAZWY OGÓLNEJ LUB JEDNOSTKOWEJ
Nazwa ogólna lub geograficzna Multimedia
655 ## - TERMIN INDEKSOWY - OKREŚLENIE RODZAJU/FORMY DOKUMENTU
Określenie rodzaju/formy dokumentu Podręczniki
856 ## - LOKALIZACJA I DOSTĘP DO ELEKTRONICZNYCH DOKUMENTÓW ZDALNYCH
Link (URL) http://koha.tu.koszalin.pl/cgi-bin/koha/opac-detail.pl?biblionumber=33089
Tekst linku Katalog online BPK
942 ## - DODATKOWE ELEMENTY (KOHA)
Typ dokumentu Książka
Egzemplarze
Wycofany Status egzemplarza Uszkodzony Dostępność Lokalizacja stała Lokalizacja bieżąca Miejsce przechowywania Sygnatura Kod kreskowy Dział Typ dokumentu
      Tylko na miejscu Biblioteka Politechniki Koszalińskiej Biblioteka Politechniki Koszalińskiej Czytelnia BG 42878 01313666 004.032.6 Multimedia Książka
      Dostępny Biblioteka Politechniki Koszalińskiej Biblioteka Politechniki Koszalińskiej Wypożyczalnia BG 42879 01313659   Książka
© 2023 Biblioteka Politechniki Koszalińskiej :: KOHA